| 000 | 00526nam a22001811a 4500 | ||
|---|---|---|---|
| 001 | 18840 | ||
| 003 | OSt | ||
| 005 | 20260204212423.0 | ||
| 008 | 181002s2016||||dr ||||||b||||||||||spa|| | ||
| 020 | _a9789945590463 | ||
| 082 | _aRD342.7293 R621m | ||
| 100 | _aRivero Ortega, Ricardo | ||
| 245 | _aManual de derecho administrativo/Ricardo Rivero Ortega | ||
| 264 | _aSanto Domingo:Fundación Global Democracia y Desarrollo | ||
| 300 | _a352 p. | ||
| 650 | _aDerecho administrativo-República DominicanaÌ | ||
| 942 |
_2ddc _cBK |
||
| 999 |
_c18840 _d18840 |
||